| 000 | 02439nam a2200409 i 4500 | ||
|---|---|---|---|
| 003 | DO-SdBNP | ||
| 005 | 20250818095950.0 | ||
| 007 | ta | ||
| 008 | 250813b2025 dr a ||| |||| 001 0 spa d | ||
| 020 | _a9789945949407 | ||
| 040 |
_aDO-SdBNP _bspa _cBNPHU _erda |
||
| 041 | _aspa | ||
| 082 |
_axxx _bB213 _222 |
||
| 110 | 2 |
_aBanco Central de la República Dominicana _983405 |
|
| 245 | 1 | 0 |
_aLenguaje artístico : _bpremios del primer concurso Expresiones de arte CEBC 2023 / _cjurado, Alberto Bass, Elioenai Medina, Elvis Soto Batista, Fer Figheras, Marianne de Tolentino y otros |
| 250 | _aPrimera edición | ||
| 264 | 4 |
_aSanto Domingo : _bBanco Central, _c©2025. |
|
| 300 |
_a57 Páginas : _bilustraciones _c23 cm. |
||
| 336 |
_atexto _btxt _2rdacontent |
||
| 337 |
_asin mediación _bn _2rdamedia |
||
| 338 |
_avolumen _bnc _2rdacarrier |
||
| 490 | 1 |
_aExpresiones de arte CEBC _v1 |
|
| 505 |
_tAgradecimientos -- _tPresentación -- _tIntroducción -- _gCuento: obra premiada -- _tEl piloto de Watermelon -- _rLeonardo David Sánchez Contreras / _gPintura: obra premiada -- _tSeulement 5% -- _rÁngelo Rivas Lorenzo / _gPintura: Mención de honor -- _tMi gran árbol -- _rFranchesca Rivas Lorenzo / _gImagen digital: obra premiada -- _tAmistad de diferentes universos -- _rAnnabella Sánchez González / _gImagen digital: mención de honor -- _tLos pedidos del amor -- _rÁngelo Rivas Lorenzo / _gCanto: obra premiada -- _tMañana a las tres -- _rPedro A. Martínez Pérez / _gCanto: mención de honor -- _tTe ofrezco -- _rLía Rachelle Colón / _tGanadores del concurso expresiones de arte CEBC 2023 -- _tMiembros del jurado del concurso expresiones de arte CEBC 2023 -- _tMiembros de la junta directiva del club de empleados del Banco Central de la República Dominicana, 2023 / |
||
| 520 | _aPremios de primer concurso Expresiones de arte Club de Empleados del Banco Central | ||
| 590 | _aInventariado, 2025/ YL | ||
| 700 | 1 |
_aBass, Alberto _ejurado _4ju. _926650 |
|
| 700 | 1 |
_aMedina, Elioenai _ejurado _4ju. _988507 |
|
| 700 | 1 |
_aSoto Batista, Elvis _ejurado _4ju. _983581 |
|
| 700 | 1 |
_aFigheras, Fer _ejurado _4ju. _988508 |
|
| 700 | 1 |
_aTolentino, Marianne de _ejurado _4ju. _915222 |
|
| 700 | 1 |
_aVega, Máximo _ejurado _4ju. _922617 |
|
| 700 | 1 |
_aTayson, Pura _ejurado _4ju. _988509 |
|
| 700 | 1 |
_aRodríguez, Rafael José _ejurado _4ju. _988510 |
|
| 700 | 1 |
_aVelásquez Matos, Vladimir _ejurado _4ju. _988511 |
|
| 910 | _aYlockward | ||
| 942 |
_2ddc _cLBS1 |
||
| 999 |
_c59794 _d59794 |
||